000 00267nam a22001217a 4500
008 181210b xxu||||| |||| 00| 0 eng d
041 _aeng
080 _a510
100 _a39
101 _aMAT
245 _aModern Nonlinear Equations
_cSaaty.TH.L
942 _2udc
_cBK
999 _c53100
_d53100